00516 2200205 4500001002100000008004100021035002000062245005200082100001600134250002000150260003400170300002000204020001800224084001500242082001000257650001600267990000900283990000900292990000900301INLIS000000000002253 ind  a0010-0425002253 aSi Pahit LidahbSeri Cerita RakyatcM. Rantissi aM. Rantissi aCetakan pertama aJakarta :bBintang Indonesia, a24 hlm.c19 cm. a602-218-342-1 a398.2 M. s a398.2 aM. Rantissi a5957 a5958 a5959